Účtová trieda 5 - Náklady

Charakteristika nákladov účtovnej jednotky. Obsahové vymedzenie účtových skupín nákladov na hospodársku činnosť.

Guardado en:
Detalles Bibliográficos
Autor principal: Kareš, Ladislav
Formato: Capítulo de libro
Lenguaje:eslovaco
Materias:
Etiquetas: Agregar Etiqueta
Sin Etiquetas, Sea el primero en etiquetar este registro!

MARC

LEADER 00000naa$a2200000$$$4500
001 0051286
005 20240502071610.0
041 0 |a slo 
044 |a SK 
245 1 0 |a Účtová trieda 5 - Náklady  |c Ladislav Kareš 
520 |a Charakteristika nákladov účtovnej jednotky. Obsahové vymedzenie účtových skupín nákladov na hospodársku činnosť. 
610 2 0 |a náklady 
610 2 0 |a účtovanie nákladov 
610 2 0 |a skupiny účtové 
610 2 0 |a jednotka účtovná 
100 1 |a Kareš, Ladislav